| 000 | 00359pab a2200157 454500 | ||
|---|---|---|---|
| 008 | 180718b2011 xxu||||| |||| 00| 0 eng d | ||
| 100 | _aPinto, Ambrose | ||
| 245 | _aDebate on the land acquisition bill 2011 | ||
| 260 | _c2011 | ||
| 300 | _ap.14-17. | ||
| 362 | _a10 Dec | ||
| 650 | _aLand tenure | ||
| 773 | _aMainstream | ||
| 908 | _aN | ||
| 909 | _a94613 | ||
| 999 |
_c94613 _d94613 |
||